[Event "Helmond Rapid op"]
[Site "Helmond"]
[Date "2025.05.03"]
[Round "6"]
[White "Rogozyanskiy, Alexander"]
[Black "Koppenens, Oscar"]
[Result "1/2-1/2"]
[WhiteElo "1921"]
[BlackElo "2024"]
[PlyCount "83"]
[EventDate "2025.05.03"]
[EventType "swiss (rapid)"]
[EventRounds "9"]
[EventCountry "NED"]
[SourceTitle "CB19_2025"]
[SourceDate "2025.05.07"]
[SourceVersion "1"]
[SourceVersionDate "2025.05.07"]
[SourceQuality "1"]

1. e4 c5 2. Nf3 e6 3. d4 cxd4 4. Nxd4 Nf6 5. Nc3 Nc6 6. Nxc6 bxc6 7. f4 Bb4 8. Bd3 Qb6 9. Qe2 d5 10. Bd2 dxe4 11. Nxe4 Nxe4 12. Bxe4 Ba6 13. Bd3 Bxd3 14. cxd3 0-0 15. Bxb4 Qxb4+ 16. Qd2 Rab8 17. 0-0-0 Qa4 18. Kb1 Rb6 19. Rc1 Rfb8 20. Rc2 Qd4 21. g3 a5 22. Ka1 a4 23. Qc3 Qd5 24. Re1 Ra8 25. Qc4 Qd6 26. Rd1 a3 27. b3 Ra5 28. Rdc1 h6 29. Qe4 c5 30. Qe5 Qxd3 31. Rxc5 Rxc5 32. Qxc5 Qd2 33. Rc2 Qd1+ 34. Rc1 Qd2 35. Qc8+ Kh7 36. Qc2+ Qxc2 37. Rxc2 Rd6 38. Kb1 Rd1+ 39. Rc1 Rd2 40. Rc2 Rd1+ 41. Rc1 Rd2 42. Rc2 1/2-1/2

[Event "NED-ch U18 op"]
[Site "Helmond"]
[Date "2025.04.26"]
[Round "1"]
[White "Rogozyanskiy, Alexander"]
[Black "Ponomarev, Ivan"]
[Result "1/2-1/2"]
[WhiteElo "1897"]
[BlackElo "2042"]
[PlyCount "73"]
[EventDate "2025.04.26"]
[EventType "swiss"]
[EventRounds "7"]
[EventCountry "NED"]
[SourceTitle "CB20_2025"]
[SourceDate "2025.05.14"]
[SourceVersion "1"]
[SourceVersionDate "2025.05.14"]
[SourceQuality "1"]

1. e4 c5 2. Nf3 e6 3. d4 cxd4 4. Nxd4 Nc6 5. Nc3 Qc7 6. Be3 a6 7. Qf3 b5 8. 0-0-0 Bb7 9. Nxc6 Qxc6 10. Bd3 Nf6 11. g4 b4 12. g5 bxc3 13. gxf6 cxb2+ 14. Kb1 Qa4 15. Rhg1 g6 16. Rge1 h5 17. Qg2 Rc8 18. f4 Rc3 19. Qe2 Ra3 20. Bc4 Bxe4 21. Bc5 Bf3 22. Qe5 d6 23. Qxb2 Qxc4 24. Bxa3 Bxd1 25. Rxd1 Qc7 26. Qb4 Kd7 27. Qa4+ Qc6 28. Qd4 h4 29. Qa7+ Qc7 30. Qxa6 Rh5 31. Bb4 Rf5 32. Rd3 Rxf4 33. Qa4+ Qc6 34. Qa7+ Qc7 35. Qa4+ Qc6 36. Qa7+ Qc7 37. Qa4+ 1/2-1/2

[Event "Helmond Rapid op"]
[Site "Helmond"]
[Date "2024.06.15"]
[Round "4"]
[White "Guillaumond, Matthieu"]
[Black "Rogozyanskiy, Alexander"]
[Result "1-0"]
[WhiteElo "1883"]
[BlackElo "1709"]
[PlyCount "176"]
[EventDate "2024.06.15"]
[EventType "swiss (rapid)"]
[EventRounds "9"]
[EventCountry "NED"]
[SourceTitle "CBM 220 Extra"]
[Source "ChessBase"]
[SourceDate "2024.07.31"]
[SourceVersion "1"]
[SourceVersionDate "2024.07.31"]
[SourceQuality "1"]

1. e4 c6 2. d4 d5 3. exd5 cxd5 4. Bd3 Nf6 5. c3 Nc6 6. Bf4 Bg4 7. Qb3 Qb6 8. Na3 g6 9. Nb5 Rc8 10. Nc7+ Kd8 11. Qxb6 axb6 12. Nb5 Bg7 13. f3 Bd7 14. Kd2 Nh5 15. Be3 Na5 16. b3 Bc6 17. Ne2 Kd7 18. g4 Nf6 19. h4 h5 20. g5 Ne8 21. Rhf1 Nd6 22. Nxd6 Kxd6 23. Rac1 b5 24. Bf4+ Kd7 25. Be5 Rhg8 26. Bxg7 Rxg7 27. Bc2 b6 28. Nf4 Nb7 29. Nd3 Ra8 30. Nb4 Rgg8 31. Rb1 e6 32. Rb2 Nd6 33. Nd3 Ke7 34. Nb4 Kd7 35. Nd3 Ke7 36. Nb4 Kd7 37. Ra1 Ra7 38. Re1 Rga8 39. Ke3 Ne8 40. Kd2 Nd6 41. Kc1 Nc8 42. Kb1 Ne7 43. Nd3 Kd6 44. Ne5 Be8 45. Nd3 Nc6 46. Nb4 Ra5 47. Bd3 Nxb4 48. cxb4 R5a7 49. Rc1 Bc6 50. Rbc2 Bd7 51. Rb2 Bc6 52. Rc3 Rc7 53. Rbc2 Rac8 54. Kb2 Bd7 55. f4 Bc6 56. Rc1 Bd7 57. Rxc7 Rxc7 58. Rxc7 Kxc7 59. Kc3 Kd6 60. Bc2 Kc7 61. a4 Kc6 62. Bd3 bxa4 63. bxa4 Kb7 64. b5 Kc7 65. Kb4 Kb7 66. Bc2 Ka7 67. Bd1 Kb7 68. Be2 Kc7 69. Bd3 Kb7 70. a5 Ka7 71. Bc2 Kb7 72. Ba4 Ka7 73. Bc2 Kb7 74. Bd3 Ka7 75. Bf1 Kb7 76. a6+ Ka7 77. Be2 Be8 78. Kc3 Bd7 79. Bd3 Be8 80. Kd2 Bd7 81. Ke3 Kb8 82. Kf3 Ka7 83. Ke3 Kb8 84. f5 exf5 85. Kf4 Ka7 86. Ke5 Be6 87. Be2 Kb8 88. Kd6 Ka7 1-0